[Event "FRA-chT1 1011"]
[Site "France"]
[Date "2010.11.14"]
[Round "3.5"]
[White "Heran, Raphael"]
[Black "Champ, Gael"]
[Result "1-0"]
[WhiteElo "2232"]
[BlackElo "2067"]
[PlyCount "69"]
[EventDate "2010.10.17"]
[EventType "team-tourn"]
[EventRounds "11"]
[EventCountry "FRA"]
[SourceTitle "EXT 2012"]
[Source "ChessBase"]
[SourceDate "2011.11.24"]
[SourceVersion "1"]
[SourceVersionDate "2011.11.24"]
[SourceQuality "1"]

1. e4 c5 2. Nf3 d6 3. d4 cxd4 4. Nxd4 Nf6 5. Nc3 a6 6. Bg5 e6 7. f4 Nbd7 8. Qf3 Qc7 9. 0-0-0 b5 10. g4 b4 11. Nce2 Bb7 12. Bxf6 gxf6 13. Ng3 Rc8 14. Rd2 d5 15. Bd3 Bc5 16. Nb3 Bd6 17. Nh5 a5 18. Re1 a4 19. Nd4 Kf8 20. g5 b3 21. a3 Bxa3 22. Nb5 Bxb2+ 23. Kxb2 Qa5 24. Qe3 dxe4 25. Be2 bxc2 26. Qa3+ Nc5 27. Rxc2 Qxe1 28. Rxc5 Rxc5 29. Qxc5+ Kg8 30. Nc3 Qd2+ 31. Kb1 h6 32. Nxf6+ Kg7 33. Qe5 Qe1+ 34. Kc2 Rc8 35. gxh6+ 1-0

[Event "FRA-chT1 1011"]
[Site "France"]
[Date "2010.11.13"]
[Round "2.4"]
[White "Ducret, Thomas"]
[Black "Heran, Raphael"]
[Result "1-0"]
[WhiteElo "2158"]
[BlackElo "2232"]
[PlyCount "73"]
[EventDate "2010.10.17"]
[EventType "team-tourn"]
[EventRounds "11"]
[EventCountry "FRA"]
[SourceTitle "EXT 2012"]
[Source "ChessBase"]
[SourceDate "2011.11.24"]
[SourceVersion "1"]
[SourceVersionDate "2011.11.24"]
[SourceQuality "1"]

1. Nf3 c5 2. c4 Nc6 3. d4 cxd4 4. Nxd4 Nf6 5. Nc3 d6 6. e4 g6 7. Be2 Bg7 8. Be3 Bd7 9. Qd2 a6 10. f3 Rc8 11. 0-0 0-0 12. Rfd1 Nxd4 13. Bxd4 Be6 14. b3 Nd7 15. Bxg7 Kxg7 16. Qb2 Kg8 17. Kh1 Qb6 18. f4 Nf6 19. e5 dxe5 20. fxe5 Nd7 21. Nd5 Bxd5 22. cxd5 e6 23. Bf3 exd5 24. Rxd5 Nc5 25. Qf2 Qb4 26. Rad1 Ne4 27. Qh4 f5 28. exf6 Rxf6 29. Qxe4 Qf8 30. h3 Re8 31. Qd3 Kg7 32. Rd7+ Kh6 33. Qd2+ g5 34. Rd6 Ree6 35. Rxe6 Rxe6 36. Re1 Rf6 37. Qe3 1-0

[Event "FRA-chT2 0910"]
[Site "France"]
[Date "2009.11.22"]
[Round "4.3"]
[White "Heran, Raphael"]
[Black "Gaudineau, Eric"]
[Result "0-1"]
[WhiteElo "2229"]
[BlackElo "2333"]
[PlyCount "130"]
[EventDate "2009.09.27"]
[EventType "team-tourn"]
[EventRounds "11"]
[EventCountry "FRA"]
[SourceTitle "EXT 2011"]
[Source "ChessBase"]
[SourceDate "2010.11.26"]
[SourceVersion "1"]
[SourceVersionDate "2010.11.26"]
[SourceQuality "1"]

1. e4 e5 2. Nf3 Nc6 3. Nc3 Nf6 4. Bb5 Bb4 5. d3 d6 6. 0-0 a6 7. Bxc6+ bxc6 8. Ne2 0-0 9. Ng3 Re8 10. c3 Ba5 11. Qa4 Bb6 12. Qxc6 Bd7 13. Qc4 Bb5 14. Qb3 Bxd3 15. Re1 Ng4 16. Nh1 d5 17. Qxd5 Qxd5 18. exd5 e4 19. Nd4 Rad8 20. h3 Ne5 21. Ng3 Rxd5 22. Nb3 Nc4 23. Nf1 f5 24. Ne3 Bxe3 25. fxe3 Rb8 26. Nd4 Kf7 27. b3 Na5 28. c4 Re5 29. Bd2 Rbe8 30. Bxa5 Rxa5 31. Nc6 Rc5 32. Nb4 a5 33. Nxd3 exd3 34. Rad1 Rd8 35. Rd2 Rc6 36. Kf2 Kf6 37. g3 g5 38. Kf3 h5 39. g4 fxg4+ 40. hxg4 h4 41. Red1 Rcd6 42. Ke4 Kg6 43. Kf3 Rf6+ 44. Kg2 Re8 45. Rxd3 Re4 46. Rd4 Rxe3 47. R1d2 Rg3+ 48. Kh2 Rff3 49. Rg2 Rd3 50. Rxd3 Rxd3 51. Re2 Rg3 52. Re4 Kf6 53. Kh1 Rd3 54. Re2 Rd4 55. Rf2+ Rf4 56. Rd2 Rxg4 57. Rd5 a4 58. Rc5 Rd4 59. bxa4 g4 60. a5 Rd1+ 61. Kg2 Rd2+ 62. Kg1 Rxa2 63. Rxc7 Rxa5 64. Kf2 Ra2+ 65. Ke3 g3 0-1

[Event "FRA-chT2 0910"]
[Site "France"]
[Date "2009.10.17"]
[Round "2.3"]
[White "Rada Equiza, Miguel"]
[Black "Heran, Raphael"]
[Result "1/2-1/2"]
[WhiteElo "2262"]
[BlackElo "2227"]
[PlyCount "59"]
[EventDate "2009.09.27"]
[EventType "team-tourn"]
[EventRounds "11"]
[EventCountry "FRA"]
[SourceTitle "EXT 2011"]
[Source "ChessBase"]
[SourceDate "2010.11.26"]
[SourceVersion "1"]
[SourceVersionDate "2010.11.26"]
[SourceQuality "1"]

1. e4 e6 2. d4 d5 3. e5 c5 4. c3 Qb6 5. Nf3 Nc6 6. Bd3 cxd4 7. cxd4 Bd7 8. 0-0 Nxd4 9. Nbd2 Ne7 10. Nxd4 Qxd4 11. Nf3 Qb6 12. Be3 Qa5 13. b4 Qxb4 14. Rb1 Qa4 15. Qxa4 Bxa4 16. Rxb7 Nc6 17. Rc1 Ba3 18. Rc3 Be7 19. Bc2 Bxc2 20. Rxc6 Bg6 21. Rcc7 Bd8 22. Rxa7 Rxa7 23. Rxa7 0-0 24. Bc5 Re8 25. a4 f6 26. a5 Be4 27. Ra8 d4 28. Rb8 d3 29. a6 Kf7 30. Rb4 1/2-1/2

[Event "FRA-chT2 South 0809"]
[Site "France"]
[Date "2009.04.04"]
[Round "10.2"]
[White "Heran, Raphael"]
[Black "Gachon, Lionel"]
[Result "1-0"]
[WhiteElo "2224"]
[BlackElo "2298"]
[PlyCount "51"]
[EventDate "2008.10.12"]
[EventType "team-tourn"]
[EventRounds "11"]
[EventCountry "FRA"]
[SourceTitle "EXT 2010"]
[Source "ChessBase"]
[SourceDate "2010.11.25"]
[SourceVersion "1"]
[SourceVersionDate "2010.11.25"]
[SourceQuality "1"]
[WhiteTeam "Marseille Echecs II"]
[BlackTeam "Ramonville"]
[WhiteTeamCountry "FRA"]
[BlackTeamCountry "FRA"]

1. e4 g6 2. d4 Bg7 3. Nc3 c5 4. dxc5 Qa5 5. Bd3 Qxc5 6. Nf3 Nf6 7. 0-0 0-0 8. Nb5 Nc6 9. h3 d6 10. Be3 Qb4 11. c3 Qa5 12. a4 a6 13. Nbd4 d5 14. e5 Ne8 15. Nxc6 bxc6 16. b4 Qc7 17. Bd4 f6 18. Re1 fxe5 19. Nxe5 Nd6 20. Qe2 Bf5 21. Ng4 Bxd3 22. Qxd3 Nf5 23. Bxg7 Kxg7 24. Re6 Qd7 25. Rae1 h5 26. Rxg6+ 1-0

[Event "FRA-chT2 South 0809"]
[Site "France"]
[Date "2009.03.15"]
[Round "9.3"]
[White "Heran, Raphael"]
[Black "Quenolle, Philippe"]
[Result "1-0"]
[WhiteElo "2224"]
[BlackElo "1956"]
[PlyCount "31"]
[EventDate "2008.10.12"]
[EventType "team-tourn"]
[EventRounds "11"]
[EventCountry "FRA"]
[SourceTitle "EXT 2010"]
[Source "ChessBase"]
[SourceDate "2010.11.25"]
[SourceVersion "1"]
[SourceVersionDate "2010.11.25"]
[SourceQuality "1"]
[WhiteTeam "Marseille Echecs II"]
[BlackTeam "Clermont Ferrand"]
[WhiteTeamCountry "FRA"]
[BlackTeamCountry "FRA"]

1. e4 d5 2. exd5 Qxd5 3. Nc3 Qa5 4. d4 Nf6 5. Nf3 c6 6. Bc4 Bf5 7. Bd2 e6 8. Nd5 Qd8 9. Nxf6+ Qxf6 10. Qe2 Qd8 11. 0-0-0 Be7 12. Ne5 Nd7 13. g4 Nxe5 14. dxe5 Bg6 15. Bh6 Bg5+ 16. f4 1-0

[Event "FRA-chT2 South 0809"]
[Site "France"]
[Date "2008.11.22"]
[Round "2.2"]
[White "Heran, Raphael"]
[Black "Marciniak, Alexandre"]
[Result "0-1"]
[WhiteElo "2224"]
[BlackElo "2161"]
[PlyCount "86"]
[EventDate "2008.10.12"]
[EventType "team-tourn"]
[EventRounds "11"]
[EventCountry "FRA"]
[SourceTitle "EXT 2010"]
[Source "ChessBase"]
[SourceDate "2010.11.25"]
[SourceVersion "1"]
[SourceVersionDate "2010.11.25"]
[SourceQuality "1"]
[WhiteTeam "Marseille Echecs II"]
[BlackTeam "Agen"]
[WhiteTeamCountry "FRA"]
[BlackTeamCountry "FRA"]

1. e4 c5 2. Nf3 Nc6 3. d4 cxd4 4. Nxd4 e5 5. Nb5 d6 6. N1c3 a6 7. Na3 b5 8. Nd5 Nge7 9. c4 Nd4 10. Be3 Nxd5 11. cxd5 Be7 12. Bd3 0-0 13. 0-0 Bf6 14. Bxd4 exd4 15. Nc2 Bd7 16. f4 Qb6 17. Qf3 g6 18. Rae1 Rae8 19. g4 Bg7 20. g5 f5 21. gxf6 Bxf6 22. Qg3 Bg7 23. Re2 Kh8 24. h4 Re7 25. Rh2 Bh6 26. Ne1 Be8 27. Ng2 Ref7 28. Kh1 Qc5 29. Qg4 Bxf4 30. Nxf4 Rxf4 31. Qxf4 Rxf4 32. Rxf4 Qc1+ 33. Rf1 Qe3 34. Rf8+ Kg7 35. Rxe8 Qxd3 36. Rf2 Qg3 37. Re7+ Kh6 38. Rff7 Qxh4+ 39. Kg2 Kg5 40. e5 Qe4+ 41. Rf3 Kg4 42. Ref7 Qxe5 43. Rxh7 d3 0-1

[Event "FRA-chT2 0304"]
[Site "France"]
[Date "2003.10.12"]
[Round "1"]
[White "Heran, Raphael"]
[Black "Petrossian, Armen"]
[Result "1/2-1/2"]
[WhiteElo "2244"]
[BlackElo "2295"]
[PlyCount "203"]
[EventDate "2003.10.??"]
[EventType "team"]
[EventRounds "11"]
[EventCountry "FRA"]
[SourceTitle "EXT 2005"]
[Source "ChessBase"]
[SourceDate "2004.11.15"]
[SourceVersion "1"]
[SourceVersionDate "2004.11.15"]
[SourceQuality "1"]

1. e4 e5 2. Bc4 Nf6 3. d4 exd4 4. Nf3 Nc6 5. 0-0 Nxe4 6. Re1 d5 7. Bxd5 Qxd5 8. Nc3 Qh5 9. Nxe4 Be6 10. Bg5 Bd6 11. Nxd6+ cxd6 12. Bf4 0-0 13. Nxd4 Qxd1 14. Raxd1 Nxd4 15. Rxd4 d5 16. c3 Rfc8 17. Be5 Rc4 18. h3 Re8 19. Re3 f6 20. Rxc4 dxc4 21. Bd4 Kf7 22. f3 b6 23. Kf2 h5 24. h4 Rd8 25. Ke2 Rd5 26. b4 cxb3 27. axb3 g5 28. g3 gxh4 29. gxh4 Rd6 30. b4 Bc4+ 31. Kd2 a5 32. bxa5 bxa5 33. Kc2 Rd5 34. Re1 a4 35. Kb2 Rf5 36. Re3 Rf4 37. Re4 Rxf3 38. Bxf6 Bd3 39. Re5 Rxf6 40. Rxh5 Rb6+ 41. Ka3 Bc2 42. Ra5 Rb1 43. h5 Rh1 44. Kb2 Bb3 45. Ka3 Rh4 46. Ra7+ Kg8 47. Ra8+ Kg7 48. Ra5 Bd1 49. Rd5 Bb3 50. Ra5 Kh6 51. Re5 Rf4 52. Rc5 Bd1 53. Rd5 Bxh5 54. Rd4 Rf3 55. Kxa4 Rxc3 56. Kb4 Re3 57. Kc5 Bf7 58. Rd6+ Kg5 59. Kd4 Re1 60. Rb6 Kf5 61. Rb2 Re4+ 62. Kc5 Ke5 63. Kc6 Rc4+ 64. Kb5 Bd5 65. Rh2 Rc1 66. Rh5+ Kd4 67. Rh4+ Be4 68. Kb6 Rb1+ 69. Kc7 Ra1 70. Rh2 Bd5 71. Kd6 Ra6+ 72. Ke7 Be4 73. Rd2+ Ke5 74. Kd7 Ra7+ 75. Kc8 Bd5 76. Rh2 Kd6 77. Rh6+ Be6+ 78. Kb8 Rg7 79. Rh2 Bd5 80. Rh6+ Kc5 81. Kc8 Bc6 82. Kd8 Rd7+ 83. Kc8 Kb6 84. Rh2 Re7 85. Rb2+ Bb5 86. Rd2 Re8+ 87. Rd8 Re3 88. Rd2 Re1 89. Rd4 Kc6 90. Kd8 Kc5 91. Rd2 Bc6 92. Kc7 Re7+ 93. Kd8 Ra7 94. Rc2+ Kd6 95. Rd2+ Bd5 96. Rc2 Rg7 97. Re2 Rh7 98. Re1 Rg7 99. Re2 Ra7 100. Rc2 Rd7+ 101. Ke8 Rg7 102. Rf2 1/2-1/2

[Event "FRA-ch U18"]
[Site "Hyeres"]
[Date "2002.??.??"]
[Round "5.8"]
[White "Riff, Vincent"]
[Black "Heran, Raphael"]
[Result "1/2-1/2"]
[WhiteElo "2110"]
[BlackElo "2188"]
[PlyCount "51"]
[EventDate "2002.04.05"]
[EventType "swiss"]
[EventRounds "9"]
[EventCountry "FRA"]
[SourceTitle "EXT 2003"]
[Source "ChessBase"]
[SourceDate "2002.11.25"]
[SourceVersion "1"]
[SourceVersionDate "2002.11.25"]
[SourceQuality "1"]

1. Nc3 e6 2. e4 d5 3. d4 Bb4 4. exd5 exd5 5. Bd3 Nc6 6. Be3 Nf6 7. h3 Ne4 8. Nge2 Bf5 9. a3 Be7 10. Nxe4 Bxe4 11. Bxe4 dxe4 12. Ng3 0-0 13. Qg4 Nxd4 14. 0-0-0 c5 15. Bh6 g6 16. Bxf8 Bg5+ 17. Kb1 f5 18. Nxf5 gxf5 19. Qh5 Kxf8 20. c3 Qf6 21. cxd4 cxd4 22. Qxh7 d3 23. g4 Rc8 24. Qxf5 Qxf5 25. gxf5 Rc2 26. Rhe1 1/2-1/2

[Event "Nice op 7th"]
[Site "Nice"]
[Date "2000.08.12"]
[Round "7"]
[White "Heran, Raphael"]
[Black "Ibragimov, Ildar"]
[Result "0-1"]
[WhiteElo "2121"]
[BlackElo "2575"]
[PlyCount "162"]
[EventDate "2000.08.??"]
[EventType "swiss"]
[EventRounds "7"]
[EventCountry "FRA"]
[SourceTitle "EXT 2001"]
[Source "ChessBase"]
[SourceDate "2000.11.22"]
[SourceVersion "1"]
[SourceVersionDate "2000.11.22"]
[SourceQuality "1"]

1. e4 g6 2. d4 d6 3. Bd3 Bg7 4. c3 e5 5. Ne2 Nc6 6. 0-0 Bd7 7. Bc2 Nf6 8. f4 0-0 9. h3 exf4 10. Bxf4 Nh5 11. Be3 Qe7 12. g4 Nf6 13. Nd2 Nxe4 14. Nxe4 d5 15. Bg5 f6 16. Nxf6+ Bxf6 17. Rxf6 Rxf6 18. Qd2 Raf8 19. Nf4 Qd6 20. Bxf6 Rxf6 21. Nxd5 Rf3 22. Rf1 Rg3+ 23. Kf2 Rxh3 24. Ke1 Rh2 25. Rf2 Rh1+ 26. Rf1 Rxf1+ 27. Kxf1 Kg7 28. Ne3 Ne5 29. Qe2 Nf7 30. Bb3 Ng5 31. Ke1 c6 32. Kd1 Qf6 33. Nc4 Bc8 34. Ne5 Qf4 35. Kc2 Qe4+ 36. Kd2 Qf4+ 37. Kd3 Qf6 38. Kc2 Qf4 39. Qc4 Bxg4 40. Nxg4 Qxg4 41. Qg8+ Kh6 42. Qf8+ Kh5 43. Kc1 Qf5 44. Qb8 Kg4 45. Qxb7 Qf4+ 46. Kc2 Qe4+ 47. Kc1 h5 48. d5 cxd5 49. Bxd5 Qf4+ 50. Kc2 h4 51. c4 h3 52. Qc6 Qf5+ 53. Kb3 Nf3 54. Ka4 Ne5 55. Qd6 Qc2+ 56. Ka5 Nxc4+ 57. Bxc4 Qxc4 58. Qxg6+ Kf3 59. Qf5+ Kg3 60. Qg5+ Qg4 61. Qe3+ Kh4 62. Qf2+ Kg5 63. Qe3+ Kf5 64. Qc5+ Kg6 65. Qc6+ Kg5 66. Qc1+ Kh5 67. Qc7 Qe6 68. Qc5+ Kg6 69. Qg1+ Kf6 70. Qc1 Qxa2+ 71. Kb4 Qe6 72. Qc3+ Kg5 73. Qd2+ Kh5 74. Ka3 Qa6+ 75. Kb3 Qb5+ 76. Ka3 Qe5 77. Qd7 h2 78. Qh7+ Kg4 79. Qg6+ Kf3 80. Qc6+ Kf2 81. Qc2+ Qe2 0-1

[Event "Cannes op"]
[Site "Cannes"]
[Date "2000.02.25"]
[Round "6"]
[White "Heran, Raphael"]
[Black "Moingt, Anne"]
[Result "0-1"]
[WhiteElo "2045"]
[BlackElo "2127"]
[PlyCount "76"]
[EventDate "2000.02.20"]
[EventType "swiss"]
[EventRounds "9"]
[EventCountry "FRA"]
[SourceTitle "EXT 2001"]
[Source "ChessBase"]
[SourceDate "2000.11.22"]
[SourceVersion "1"]
[SourceVersionDate "2000.11.22"]
[SourceQuality "1"]

1. e4 c5 2. Nf3 d6 3. d4 cxd4 4. Nxd4 Nf6 5. Nc3 Nc6 6. Bc4 Qb6 7. Nb3 e6 8. Be3 Qc7 9. f4 Be7 10. Be2 a6 11. Qd2 b5 12. a3 Bb7 13. Bf3 0-0 14. g4 Rfe8 15. g5 Nd7 16. Qf2 b4 17. axb4 Nxb4 18. 0-0 Rac8 19. Nd4 Bf8 20. Bg2 Nc6 21. Nxc6 Qxc6 22. h4 Nc5 23. h5 Qd7 24. Qh4 Qe7 25. Bd4 Nd7 26. f5 exf5 27. exf5 Bxg2 28. Kxg2 Ne5 29. f6 Qb7+ 30. Kg3 Qxb2 31. Nd5 Qxc2 32. fxg7 Qd3+ 33. Kg2 Rc2+ 34. Kg1 Bxg7 35. Nf6+ Bxf6 36. gxf6 Kh8 37. Rad1 Nf3+ 38. Kh1 Qxf1+ 0-1

[Event "Naujac op 03rd"]
[Site "Naujac"]
[Date "2000.??.??"]
[Round "3"]
[White "Heran, Raphael"]
[Black "Larrat, Philippe"]
[Result "1/2-1/2"]
[WhiteElo "2045"]
[BlackElo "2120"]
[PlyCount "30"]
[EventDate "2000.??.??"]
[EventType "swiss"]
[EventRounds "9"]
[EventCountry "FRA"]
[SourceTitle "EXT 2001"]
[Source "ChessBase"]
[SourceDate "2000.11.22"]
[SourceVersion "1"]
[SourceVersionDate "2000.11.22"]
[SourceQuality "1"]

1. e4 c5 2. Nf3 g6 3. d4 cxd4 4. Nxd4 Nf6 5. f3 d5 6. e5 Ng8 7. Nc3 Nc6 8. Bb5 Bd7 9. f4 e6 10. Be3 Nh6 11. Bxc6 bxc6 12. Nb3 Nf5 13. Bf2 Qc7 14. Na4 f6 15. Qe2 fxe5 1/2-1/2

[Event "Naujac op 03rd"]
[Site "Naujac"]
[Date "2000.??.??"]
[Round "8"]
[White "Leconte, Jean Olivier"]
[Black "Heran, Raphael"]
[Result "1-0"]
[WhiteElo "2257"]
[BlackElo "2045"]
[PlyCount "55"]
[EventDate "2000.??.??"]
[EventType "swiss"]
[EventRounds "9"]
[EventCountry "FRA"]
[SourceTitle "EXT 2001"]
[Source "ChessBase"]
[SourceDate "2000.11.22"]
[SourceVersion "1"]
[SourceVersionDate "2000.11.22"]
[SourceQuality "1"]

1. e4 e6 2. d4 d5 3. e5 c5 4. Qg4 cxd4 5. Nf3 f5 6. Qg3 Nc6 7. Bd3 Nge7 8. 0-0 Ng6 9. h4 Qc7 10. Re1 Bb4 11. Re2 Bd7 12. h5 Nge7 13. a3 Ba5 14. b4 Bb6 15. b5 Na5 16. Qxg7 Rg8 17. Qxh7 Bc5 18. Bg5 Rf8 19. Bf6 Rf7 20. Qh8+ Rf8 21. Qg7 Rf7 22. Qg5 0-0-0 23. h6 Rh7 24. Qh4 Rdh8 25. Bxh8 Rxh8 26. Qf6 Rh7 27. Ng5 Ng8 28. Qg6 1-0